000
00341nam a2200133Ia 4500
008
230818s1994 xx 000 0 und d
041
_a
eng
100
_a
Richard .
245
_a
Marketing In Hospitality and Tourism
260
_b
Cassell
_c
1994
300
_a
312p
520
_a
Hard Board | Reference Copy
999
_c
854045
_d
854045
650
_a
Marketing Management